Energy Policy in Perspective: Today Problems (Record no. 3135)

MARC details
000 -LEADER
fixed length control field 00341nam a22001337a 4500
008 - FIXED-LENGTH DATA ELEMENTS--GENERAL INFORMATION
fixed length control field 250424b |||||||| |||| 00| 0 eng d
020 ## - INTERNATIONAL STANDARD BOOK NUMBER
ISBN 0815732023
100 ## - MAIN ENTRY--AUTHOR
Author GOODWIN, Cranfurd D.
245 ## - TITLE STATEMENT
Title Energy Policy in Perspective: Today Problems
260 ## - PUBLICATION, DISTRIBUTION, ETC. (IMPRINT)
Place of publication U.S.A
Name of publisher Goodwin
Date of publication NIL
300 ## - COLLATION
Pagination xx, 728p.
942 ## - ADDED ENTRY ELEMENTS (KOHA)
Item type Books
050 ## - LIBRARY OF CONGRESS CALL NUMBER
Classification number HD9502
Item number .E54
Holdings
Source of classification or shelving scheme Not for loan Permanent location Current location Date acquired Accession No. Full call number Barcode. Koha item type
Library of Congress Classification   Samuel Ogbemudia Main Library, University of Abuja Samuel Ogbemudia Main Library, University of Abuja 04/24/2025 92-008409 HD9502.E54 2025-1554 Books